| 000 | 00923nam a2200205Ii 4500 | ||
|---|---|---|---|
| 003 | JO-AjNU | ||
| 008 | 230605s9999||||xx |||||||||||||| ||und|| | ||
| 040 |
_aJO-AjNU _bara _erda _cJO-AjNU |
||
| 041 | _aara | ||
| 050 | 1 | 4 | _aLB1590.3.B5312 2003 |
| 100 | 3 |
_a/جمل،محمد جهاد مراجع/ فوزي،مؤيد حسن مترجم مؤلف/Beyer,Barryمؤلف, _eauthor _922358 |
|
| 245 | 0 | 0 | _aالمرجع في تدريس مهارات التفكير (دليل المعلم)=Teaching thinking skills:A Handbook For Secondary School Teachers |
| 250 | _aط1 | ||
| 264 | 3 | 1 | _aالعين:دار الكتاب الجامعي،2003 |
| 300 |
_a350ص _bملحق:ص(أ1-و3) |
||
| 336 |
_atext _btxt _2rdacontent |
||
| 337 |
_aunmediated _bn _2rdamedia |
||
| 338 |
_avolume _bnc _2rdacarrier |
||
| 650 | 4 |
_aعلم النفس التربوي. التفكير-دراسة وتعليم. التفكير-جوانب نفسية. _922359 |
|
| 999 |
_aA7923 _c11491 _d11491 |
||